[Event "XXVI Coppa d'Oro"]
[Site "Villa Guardia ITA"]
[Date "2008.11.21"]
[Round "7"]
[White "Laricini, Alberto"]
[Black "Cardani, Roberto"]
[Result "0-1"]
[WhiteElo "1697"]
[BlackElo "1900"]
[PlyCount "78"]
[EventDate "2008.10.10"]

1. d4 Nf6 2. Nf3 g6 3. c4 Bg7 4. Nc3 d5 5. Bg5 Ne4 6. Bh4 Nxc3 7. bxc3 dxc4 8.
e4 c5 9. Bxc4 O-O 10. O-O cxd4 11. cxd4 Nc6 12. Qa4 Bg4 13. Ne5 Nxe5 14. dxe5
Bxe5 15. Rab1 Qc7 16. h3 Bd7 17. Qb3 Bc6 18. Rfe1 h6 19. Bd5 g5 20. Bxc6 bxc6
21. Bg3 Rab8 22. Bxe5 Qxe5 23. Qc2 c5 24. Red1 Rfd8 25. Re1 Rb6 26. Rb3 Rxb3
27. axb3 Rd4 28. Re3 Qd6 29. Re1 Rd2 30. Qb1 Qd4 31. Rf1 Rb2 32. Qa1 Rxf2 33.
Qxd4 Rxf1+ 34. Kxf1 cxd4 35. Ke2 e5 36. Kd3 Kf8 37. g4 Ke7 38. b4 Kd6 39. Kc4
Kc6 0-1

[Event "XXVI Coppa d'Oro"]
[Site "Villa Guardia ITA"]
[Date "2008.11.21"]
[Round "7"]
[White "Lotti, Riccardo"]
[Black "Calabrese, Salvatore"]
[Result "0-1"]
[WhiteElo "1374"]
[BlackElo "1251"]
[PlyCount "64"]
[EventDate "2008.10.10"]

1. Nf3 Nc6 2. g3 e5 3. Bg2 f5 4. d3 h6 5. e4 d6 6. exf5 Bxf5 7. Nh4 Bh7 8. Qh5+
Ke7 9. Ng6+ Bxg6 10. Qxg6 Qe8 11. Qg4 Nf6 12. Qf3 Nd4 13. Qd1 Nc6 14. O-O Qg6
15. Nc3 h5 16. Be4 Qf7 17. Bg5 Ke8 18. Bxf6 gxf6 19. Bd5 Qe7 20. Qf3 Qd7 21.
Qxf6 Rh6 22. Qg5 Nd4 23. Bxb7 Rb8 24. Bd5 c6 25. Bb3 Rb4 26. Qc1 Nf3+ 27. Kg2
Qg4 28. h3 Nh4+ 29. Kh2 Qf3 30. gxh4 Rxh4 31. Qe3 Rxh3+ 32. Kg1 Qh1# 0-1

[Event "XXVI Coppa d'Oro"]
[Site "Villa Guardia ITA"]
[Date "2008.11.21"]
[Round "7"]
[White "Monetti, Egidio"]
[Black "Moioli, Ferruccio"]
[Result "0-1"]
[WhiteElo "1628"]
[BlackElo "1545"]
[PlyCount "60"]
[EventDate "2008.10.10"]

1. Nf3 Nf6 2. d4 d5 3. Bg5 e6 4. e3 Be7 5. c4 b6 6. Nc3 Bb7 7. Rc1 O-O 8. Bd3
dxc4 9. Bxc4 Nbd7 10. Qb3 Ne4 11. Bf4 Bd6 12. Bg3 Ng5 13. Ke2 Nxf3 14. gxf3 Qf6
15. Ne4 Bxe4 16. fxe4 e5 17. Qd3 Rad8 18. Rcf1 Qg5 19. Rhg1 Qh5+ 20. Ke1 Bb4+
21. Qc3 Bxc3+ 22. bxc3 Nf6 23. Bxe5 Kh8 24. Rg2 Ne8 25. Rfg1 f6 26. Bf4 Qa5 27.
Kd2 b5 28. Bb3 c5 29. e5 cxd4 30. exd4 Rxd4+ 0-1

[Event "XXVI Coppa d'Oro"]
[Site "Villa Guardia ITA"]
[Date "2008.11.21"]
[Round "7"]
[White "Zuccoli, Maurizio"]
[Black "Liscio, Giovanni"]
[Result "0-1"]
[WhiteElo "1861"]
[BlackElo "1972"]
[PlyCount "54"]
[EventDate "2008.10.10"]

1. e4 c5 2. Nf3 d6 3. d4 cxd4 4. Nxd4 Nf6 5. Nc3 e6 6. Be2 Be7 7. Be3 a6 8. Qd2
b5 9. a3 Bb7 10. f3 Qc7 11. O-O Nbd7 12. Rad1 Rc8 13. Bxb5 axb5 14. Ndxb5 Qb8
15. Nxd6+ Bxd6 16. Qxd6 Qxd6 17. Rxd6 Ke7 18. Rfd1 Ne5 19. Rb6 Ba8 20. Ra6 Rhd8
21. Ra7+ Rd7 22. Rdxd7+ Nfxd7 23. Bf4 Nc6 24. Ra4 Nb6 25. Ra6 Nc4 26. Nb5 Bb7
27. Ra4 Nxb2 0-1

[Event "I Open I Like Elo"]
[Site "Roma ITA"]
[Date "2008.10.15"]
[Round "1"]
[White "Arabito, Giuseppe"]
[Black "Piccolo, Giuseppe"]
[Result "1/2-1/2"]
[WhiteElo "1919"]
[BlackElo "1623"]
[PlyCount "46"]
[EventDate "2008.10.15"]

1. e4 e5 2. Nf3 Nc6 3. Bc4 Bc5 4. d3 Nf6 5. O-O d6 6. Bg5 h6 7. Be3 Bb6 8. Nc3
Bg4 9. h3 Bh5 10. a4 Nd4 11. Bxd4 exd4 12. Nd5 c6 13. Nf4 Bxf3 14. Qxf3 O-O 15.
Rae1 Nd7 16. Qg3 Ne5 17. Bb3 Kh8 18. h4 Qf6 19. Nh5 Qg6 20. Qxg6 Nxg6 21. g3
Ne5 22. Nf4 Nf3+ 23. Kg2 Nxe1+ 1/2-1/2

[Event "I Open I Like Elo"]
[Site "Roma ITA"]
[Date "2008.10.15"]
[Round "1"]
[White "Boccardi, Alessandro"]
[Black "Elia, Alessio"]
[Result "0-1"]
[WhiteElo "1494"]
[BlackElo "1869"]
[PlyCount "88"]
[EventDate "2008.10.15"]

1. e4 d6 2. d4 Nf6 3. Bd3 g6 4. c4 Bg7 5. Ne2 O-O 6. Nbc3 Nc6 7. h3 e5 8. d5
Ne7 9. f4 Nh5 10. g4 Nxf4 11. Nxf4 exf4 12. Qf3 g5 13. Bd2 Ng6 14. O-O-O Ne5
15. Qf1 Qf6 16. Rh2 a6 17. Be1 Bxg4 18. hxg4 Nxg4 19. Rxh7 Ne3 20. Qh3 g4 21.
Qh1 Rfe8 22. Rd2 g3 23. Re2 Qd4 24. Bc2 g2 25. Rxg7+ Qxg7 26. Qg1 Re5 27. Nd1
Rh5 28. Nxe3 f3 29. Rxg2 fxg2 30. Qxg2 Qxg2 31. Nxg2 Rh2 32. Nf4 Re8 33. b3 c6
34. Bg3 Rh1+ 35. Kd2 Rg1 36. Ne2 Rg2 37. Bxd6 f5 38. e5 f4 39. Be4 Rf2 40. Ke1
Rh2 41. Nxf4 Rxa2 42. dxc6 bxc6 43. Bxc6 Rc8 44. Ne6 Rxc6 0-1

[Event "I Open I Like Elo"]
[Site "Roma ITA"]
[Date "2008.10.15"]
[Round "1"]
[White "Castelfranchi, Carlo"]
[Black "Peverieri, Alfredo"]
[Result "1-0"]
[WhiteElo "2077"]
[BlackElo "1757"]
[PlyCount "79"]
[EventDate "2008.10.15"]

1. e4 e5 2. Nf3 Nc6 3. Bb5 a6 4. Ba4 Nf6 5. d4 b5 6. Bb3 Nxd4 7. Nxd4 exd4 8.
e5 Bb4+ 9. c3 dxc3 10. bxc3 Bc5 11. O-O Ne4 12. Qd5 Qe7 13. Qxe4 Rb8 14. Be3
Bb7 15. Bxc5 Qxc5 16. Qd4 Qc6 17. f3 O-O 18. Nd2 Rbd8 19. Rad1 Qg6 20. Ne4 d6
21. exd6 Bxe4 22. Qxe4 Rxd6 23. Qxg6 hxg6 24. Rxd6 cxd6 25. Rd1 Rd8 26. Rd5 Kf8
27. c4 bxc4 28. Bxc4 Ke7 29. Bxa6 Ra8 30. Bc4 Ra4 31. Bb3 Rb4 32. Kf2 f6 33.
Ke3 f5 34. Rd4 Rb6 35. Ra4 g5 36. g3 Rb5 37. Ra7+ Kf6 38. Rf7+ Kg6 39. Rd7 Rb6
40. Kd4 1-0

[Event "I Open I Like Elo"]
[Site "Roma ITA"]
[Date "2008.10.15"]
[Round "1"]
[White "D'Amico, Salvatore"]
[Black "Capitani, Roberto"]
[Result "1-0"]
[WhiteElo "1910"]
[BlackElo "1599"]
[PlyCount "109"]
[EventDate "2008.10.15"]

1. e4 c6 2. d4 d5 3. e5 Bf5 4. Nf3 Nd7 5. Nh4 Bg6 6. Nc3 e6 7. Nxg6 hxg6 8. Bd3
Nh6 9. Bd2 Nf5 10. Ne2 Qb6 11. Bc3 Nh4 12. O-O Be7 13. a4 a5 14. Nc1 c5 15.
dxc5 Bxc5 16. Bb5 O-O-O 17. Qd2 Bb4 18. Bxb4 axb4 19. Nd3 Qd4 20. Bxd7+ Kxd7
21. Qxb4 Qxb4 22. Nxb4 Rh7 23. Ra3 Rdh8 24. h3 Rh5 25. Nd3 Rg5 26. g3 Nf3+ 27.
Kg2 Nh4+ 28. Kh1 Nf5 29. Kh2 Nd4 30. f4 Rgh5 31. h4 Nxc2 32. Nc5+ Ke7 33. Rc3
Nb4 34. Nxb7 Kd7 35. Rfc1 Rb8 36. Rc7+ Ke8 37. Nd6+ Kf8 38. Rc8+ Rxc8 39. Rxc8+
Ke7 40. Rc7+ Kf8 41. Rxf7+ Kg8 42. Rb7 Nd3 43. a5 Nxf4 44. Rb8+ Kh7 45. Nf7 g5
46. Rh8+ Kg6 47. Rxh5 Nxh5 48. Nxg5 d4 49. a6 d3 50. Nf3 Kf5 51. a7 Ke4 52. Kg2
Ke3 53. a8=Q d2 54. Qa7+ Ke2 55. Qf2+ 1-0

[Event "I Open I Like Elo"]
[Site "Roma ITA"]
[Date "2008.10.15"]
[Round "1"]
[White "De Lisa, Carmine"]
[Black "Vespe, Francesco"]
[Result "1/2-1/2"]
[WhiteElo "1699"]
[BlackElo "2008"]
[PlyCount "96"]
[EventDate "2008.10.15"]

1. e4 e6 2. d4 d5 3. Nd2 Nf6 4. e5 Ne4 5. Bd3 Nxd2 6. Bxd2 c5 7. c3 Nc6 8. Be3
Qb6 9. Qb3 c4 10. Qxb6 axb6 11. Bc2 b5 12. Ne2 b4 13. O-O Be7 14. f4 O-O 15. f5
exf5 16. Bxf5 Be6 17. Bxe6 fxe6 18. Rxf8+ Rxf8 19. Nf4 Bg5 20. Nxd5 exd5 21.
Bxg5 h6 22. Bd2 bxc3 23. bxc3 Ra8 24. Kf2 Ra3 25. Ke3 Na5 26. Rb1 Rxa2 27. Rb5
Nb3 28. Be1 Ra1 29. Bg3 Rc1 30. e6 Rxc3+ 31. Kf4 Nxd4 32. e7 Kf7 33. Rxb7 Ne2+
34. Ke5 Nxg3 35. hxg3 Re3+ 36. Kxd5 Rxe7 37. Rxe7+ Kxe7 38. Kxc4 Kf6 39. Kd4
Kf5 40. Ke3 Kg4 41. Kf2 g5 42. Kg1 Kxg3 43. Kh1 Kf2 44. Kh2 g4 45. Kh1 h5 46.
Kh2 h4 47. Kh1 h3 48. Kh2 hxg2 1/2-1/2

[Event "I Open I Like Elo"]
[Site "Roma ITA"]
[Date "2008.10.15"]
[Round "1"]
[White "De Maria, Isaia"]
[Black "Rampini, Carlo"]
[Result "1-0"]
[WhiteElo "1867"]
[BlackElo "1488"]
[PlyCount "111"]
[EventDate "2008.10.15"]

1. e4 e5 2. Nf3 Nf6 3. Nc3 Nc6 4. Bb5 Bc5 5. O-O d6 6. d4 exd4 7. Nxd4 O-O 8.
Nxc6 bxc6 9. Bxc6 Rb8 10. Bg5 h6 11. Bh4 g5 12. Bg3 Bg4 13. Qd2 Rb6 14. Ba4 Rb4
15. Rae1 Rd4 16. Qc1 Nh5 17. Kh1 Be6 18. Bb3 c6 19. Na4 Rxa4 20. Bxa4 Bc4 21.
Rg1 Nxg3+ 22. fxg3 Qd7 23. Rgf1 Bxf1 24. Rxf1 f5 25. Bb3+ Kg7 26. Qe1 Bd4 27.
c3 Be5 28. Qf2 Kg6 29. exf5+ Kf6 30. Be6 Qc7 31. Qf3 d5 32. Qh5 Qg7 33. Qe2 Qb7
34. Re1 Qc7 35. Rd1 Rd8 36. Qe3 Qa5 37. Re1 Qc7 38. g4 Rb8 39. Qh3 Qg7 40. Qd3
Qb7 41. Qh3 Rh8 42. Qd3 Rd8 43. Rxe5 Kxe5 44. Qd4+ Kd6 45. Qf6 Qe7 46. Qxh6 Kc5
47. Qh3 Qg7 48. Qe3+ Kd6 49. b4 Ra8 50. Qc5+ Kc7 51. b5 Qf8 52. Qxc6+ Kb8 53.
Bxd5 Qe7 54. Qxa8+ Kc7 55. Qxa7+ Kd6 56. Qxe7+ 1-0

[Event "I Open I Like Elo"]
[Site "Roma ITA"]
[Date "2008.10.15"]
[Round "1"]
[White "Maggi, Fabrizio"]
[Black "Musmarra, Giovanni"]
[Result "1/2-1/2"]
[WhiteElo "2022"]
[BlackElo "1725"]
[PlyCount "60"]
[EventDate "2008.10.15"]

1. c4 e6 2. Nc3 d5 3. d4 Nf6 4. Bg5 Be7 5. Nf3 O-O 6. Qc2 Nbd7 7. O-O-O c6 8.
e4 dxe4 9. Nxe4 Nxe4 10. Bxe7 Qxe7 11. Qxe4 Re8 12. Bd3 Nf8 13. h4 Bd7 14. Rhe1
f5 15. Qe2 Ng6 16. g3 c5 17. h5 Nf8 18. Bxf5 cxd4 19. Nxd4 Qg5+ 20. f4 Qxg3 21.
Qg4 Qxg4 22. Bxg4 Rac8 23. b3 b5 24. Be2 e5 25. fxe5 Rxe5 26. Kb2 Rce8 27. Nxb5
Bxb5 28. cxb5 Rxe2+ 29. Rxe2 Rxe2+ 30. Ka3 Re5 1/2-1/2

[Event "I Open I Like Elo"]
[Site "Roma ITA"]
[Date "2008.10.15"]
[Round "1"]
[White "Maggi, Luigi"]
[Black "Gerlando, Onofrio"]
[Result "1-0"]
[WhiteElo "1896"]
[BlackElo "1509"]
[PlyCount "141"]
[EventDate "2008.10.15"]

1. c4 c5 2. Nf3 d6 3. d4 cxd4 4. Nxd4 e5 5. Nb5 a6 6. N5a3 Nf6 7. Nc3 Be7 8. e4
O-O 9. Be2 Nc6 10. Nc2 Qa5 11. O-O Qc7 12. Be3 Be6 13. Rc1 Na5 14. b3 Rac8 15.
Nd5 Bxd5 16. exd5 b6 17. f3 Nb7 18. Nb4 a5 19. Nc6 Nc5 20. a3 Rfe8 21. b4 axb4
22. axb4 Na6 23. Ra1 Ra8 24. c5 Nxc5 25. Rxa8 Rxa8 26. bxc5 bxc5 27. Qb3 Bf8
28. Rb1 h6 29. Qd3 Qc8 30. Bd2 Nh7 31. f4 Qe8 32. fxe5 dxe5 33. Qg3 g6 34. Qxe5
Qd7 35. Bc3 f6 36. Qe6+ Qf7 37. Bf3 Re8 38. Qxf7+ Kxf7 39. Rb7+ Kg8 40. Kf2 Bd6
41. Rd7 Be5 42. Nxe5 fxe5 43. Ke3 Ng5 44. h4 Nf7 45. Rc7 e4 46. Be2 c4 47. Bxc4
Nd6 48. Be2 Nf5+ 49. Kd2 Nxh4 50. g3 e3+ 51. Ke1 Nf5 52. g4 Nd6 53. Rg7+ Kf8
54. Rxg6 Ne4 55. Bb4+ Kf7 56. Rxh6 Nf6 57. d6 Rb8 58. Ba5 Rb1+ 59. Bd1 Nxg4 60.
d7 Nxh6 61. d8=Q Ra1 62. Qd5+ Kg6 63. Qe6+ Kh7 64. Qe4+ Kg8 65. Qg6+ Kf8 66.
Qxh6+ Ke8 67. Qxe3+ Kf7 68. Qf4+ Kg6 69. Qg4+ Kh7 70. Qh5+ Kg8 71. Qg6+ 1-0

[Event "I Open I Like Elo"]
[Site "Roma ITA"]
[Date "2008.10.15"]
[Round "1"]
[White "Marigliani, Cristiano"]
[Black "Guidi, Marco"]
[Result "1-0"]
[WhiteElo "1533"]
[BlackElo "1905"]
[PlyCount "113"]
[EventDate "2008.10.15"]

1. e4 Nf6 2. e5 Nd5 3. d4 d6 4. c4 Nb6 5. f4 dxe5 6. fxe5 Nc6 7. Nf3 Bg4 8. Be3
e6 9. a3 Qd7 10. Nbd2 Be7 11. Be2 O-O 12. O-O Rad8 13. Qb3 Na5 14. Qc3 Bxf3 15.
Nxf3 Qa4 16. b4 Nc6 17. Bd1 Qa6 18. b5 Qa5 19. Qxa5 Nxa5 20. c5 Nd5 21. Bd2 Nc4
22. Bc1 Nce3 23. Bxe3 Nxe3 24. Re1 Nxd1 25. Rexd1 Rd5 26. Rd2 Rfd8 27. Rad1 f6
28. exf6 gxf6 29. Kf2 e5 30. dxe5 Rxd2+ 31. Rxd2 Rxd2+ 32. Nxd2 Bxc5+ 33. Kf3
Bxa3 34. exf6 Bb2 35. Ne4 h6 36. Kf4 Kf7 37. Kf5 a6 38. bxa6 bxa6 39. g4 a5 40.
g5 hxg5 41. Nxg5+ Kf8 42. Kg6 Ba3 43. Ne6+ Ke8 44. Nxc7+ Kd7 45. Nb5 Bb4 46. h4
Ke8 47. h5 Kf8 48. h6 Kg8 49. h7+ Kh8 50. Nd4 Bc3 51. Nc6 Bxf6 52. Nxa5 Be7 53.
Nc6 Bd6 54. Nb4 Be7 55. Nd3 Bd6 56. Nf2 Bc5 57. Ng4 1-0

[Event "I Open I Like Elo"]
[Site "Roma ITA"]
[Date "2008.10.15"]
[Round "1"]
[White "Pala, Giorgio"]
[Black "Vertechi, Pietro"]
[Result "1-0"]
[WhiteElo "1988"]
[BlackElo "1669"]
[PlyCount "95"]
[EventDate "2008.10.15"]

1. e4 e6 2. d4 d5 3. Nc3 Bb4 4. e5 Ne7 5. Bd2 c5 6. Nb5 Bxd2+ 7. Qxd2 O-O 8. f4
a6 9. Nd6 cxd4 10. Nf3 Nbc6 11. Bd3 f6 12. O-O fxe5 13. fxe5 Nf5 14. Bxf5 exf5
15. Rae1 Nxe5 16. Rxe5 Qxd6 17. Rfe1 Bd7 18. Nxd4 Rae8 19. Rxe8 Rxe8 20. Rxe8+
Bxe8 21. Nxf5 Qb6+ 22. Qd4 Qxd4+ 23. Nxd4 Kf7 24. Kf2 Kf6 25. Ke3 Bg6 26. c3
Bb1 27. a3 Be4 28. g3 Ke5 29. b4 b6 30. Nb3 Kf5 31. Nd2 Ke5 32. Nxe4 dxe4 33.
c4 h5 34. a4 g6 35. h3 g5 36. g4 h4 37. a5 bxa5 38. bxa5 Kd6 39. Kxe4 Kc5 40.
Kd3 Kb4 41. Kd4 Kxa5 42. Kc5 Ka4 43. Kb6 Kb4 44. c5 a5 45. c6 a4 46. c7 Kb3 47.
c8=Q Kb2 48. Qh8+ 1-0

[Event "I Open I Like Elo"]
[Site "Roma ITA"]
[Date "2008.10.15"]
[Round "1"]
[White "Palama', Pierpaolo"]
[Black "Cavaterra, Umberto"]
[Result "1-0"]
[WhiteElo "1446"]
[BlackElo "1805"]
[PlyCount "95"]
[EventDate "2008.10.15"]

1. e4 d6 2. d4 g6 3. Nf3 Bg7 4. Bc4 Nf6 5. Nc3 O-O 6. Bg5 Nc6 7. a3 Bg4 8. Qd3
Nd7 9. Ne2 Bxf3 10. gxf3 Nb6 11. Bb3 Qd7 12. h4 Na5 13. Ba2 Nc6 14. h5 e5 15.
hxg6 hxg6 16. f4 Nxd4 17. Nxd4 exd4 18. f5 Rae8 19. O-O-O d5 20. Qh3 f6 21.
Qh7+ Kf7 22. Qxg6+ Kg8 23. exd5 Nxd5 24. Rxd4 Re5 25. f4 Rxf5 26. Qh7+ Kf7 27.
Bh6 Rg8 28. Rg1 Kf8 29. Rxg7 Qxg7 30. Bxg7+ Rxg7 31. Qxf5 Rg1+ 32. Rd1 Rxd1+
33. Kxd1 Ne3+ 34. Ke2 Nxf5 35. Bd5 c6 36. Be4 Nd6 37. Kd3 Ke7 38. Bf3 Ke6 39.
b4 Kf5 40. Be2 Kxf4 41. Kd4 Nb5+ 42. Kc5 Nxa3 43. Bd3 Ke5 44. c4 f5 45. b5 cxb5
46. cxb5 f4 47. b6 a5 48. Ba6 1-0

[Event "I Open I Like Elo"]
[Site "Roma ITA"]
[Date "2008.10.15"]
[Round "1"]
[White "Quimi, Marco"]
[Black "Attanasi, Salvatore"]
[Result "1-0"]
[WhiteElo "2239"]
[BlackElo "1784"]
[PlyCount "21"]
[EventDate "2008.10.15"]

1. d4 f5 2. e4 fxe4 3. Nc3 Nf6 4. Bg5 d5 5. Bxf6 exf6 6. Qh5+ g6 7. Qxd5 Qxd5
8. Nxd5 Nc6 9. Nxc7+ Kd8 10. Nxa8 Nxd4 11. Rd1 1-0

[Event "I Open I Like Elo"]
[Site "Roma ITA"]
[Date "2008.10.15"]
[Round "1"]
[White "Riccioni, Luigi"]
[Black "Mecali, Antonello"]
[Result "0-1"]
[WhiteElo "1467"]
[BlackElo "1866"]
[PlyCount "106"]
[EventDate "2008.10.15"]

1. e4 c5 2. Nf3 d6 3. Nc3 Nc6 4. Bb5 Bd7 5. O-O a6 6. Be2 Nf6 7. d3 g6 8. h3
Bg7 9. Be3 O-O 10. Qd2 b5 11. Bh6 Nd4 12. Bxg7 Kxg7 13. Rfe1 e5 14. Nd1 Nh5 15.
Nxd4 cxd4 16. Bxh5 gxh5 17. f4 Qh4 18. f5 Rg8 19. Qf2 Qg5 20. c3 dxc3 21. bxc3
Kh8 22. Ne3 Rg7 23. Rac1 Rag8 24. Rc2 h4 25. Kf1 Bc6 26. Ree2 Qd8 27. Qe1 Rg3
28. Qd2 Qg5 29. Ng4 h5 30. Nh2 Qg7 31. d4 Rxh3 32. Kg1 Rg3 33. Re3 Kh7 34. Rxg3
hxg3 35. Nf1 Bxe4 36. Rb2 Bxf5 37. dxe5 Qxe5 38. Rb4 d5 39. Rh4 Bg4 40. Qd3+
Kh6 41. Nxg3 Qg5 42. Rh2 Re8 43. Nf1 Be2 44. Qd2 Qxd2 45. Nxd2 Bc4 46. Nf3 Re2
47. a3 Rc2 48. Ne5 Rxc3 49. a4 bxa4 50. Nxf7+ Kg7 51. Ne5 a3 52. Nxc4 dxc4 53.
Rxh5 a2 0-1

[Event "I Open I Like Elo"]
[Site "Roma ITA"]
[Date "2008.10.15"]
[Round "1"]
[White "Ruotolo, Claudio"]
[Black "Antonelli, Mauro"]
[Result "0-1"]
[WhiteElo "1755"]
[BlackElo "2075"]
[PlyCount "124"]
[EventDate "2008.10.15"]

1. c4 g6 2. g3 f5 3. Bg2 Bg7 4. Nc3 Nf6 5. e4 fxe4 6. Nxe4 Nxe4 7. Bxe4 O-O 8.
Ne2 e5 9. O-O Nc6 10. d3 d6 11. Bd5+ Kh8 12. Bg2 Bg4 13. h3 Be6 14. Be3 Qd7 15.
Kh2 Rae8 16. Nc3 Nd4 17. f4 exf4 18. Bxf4 Bf5 19. g4 Be6 20. Qd2 c6 21. Ne4 Bg8
22. Bxd6 Rxf1 23. Rxf1 Rxe4 24. Bxe4 Qxd6+ 25. Kg2 Ne6 26. b4 Be5 27. c5 Qd4
28. a3 g5 29. Rf3 Nf4+ 30. Kf1 Bd5 31. Bxd5 Qxd5 32. Qe3 Kg7 33. Qe4 Qxe4 34.
dxe4 Bd4 35. e5 Bxe5 36. Re3 Kf6 37. Rb3 a6 38. a4 Ke6 39. b5 axb5 40. axb5 Kd5
41. bxc6 bxc6 42. Rb7 Nxh3 43. Rxh7 Nf4 44. Re7 Bd4 45. Re8 Kxc5 46. Rg8 Ne6
47. Ke2 Kd5 48. Kd3 c5 49. Rc8 c4+ 50. Kc2 Nc5 51. Rg8 Ne4 52. Rd8+ Ke5 53. Rf8
Nf6 54. Rc8 Nxg4 55. Kd2 Ne3 56. Rf8 Ke4 57. Re8+ Be5 58. Rg8 g4 59. Rg6 g3 60.
Rg8 g2 61. Rg6 Kf3 62. Rg8 Bg3 0-1

[Event "I Open I Like Elo"]
[Site "Roma ITA"]
[Date "2008.10.15"]
[Round "1"]
[White "Silvestri, Maurizio"]
[Black "Medori, Marco"]
[Result "1/2-1/2"]
[WhiteElo "1627"]
[BlackElo "1929"]
[PlyCount "59"]
[EventDate "2008.10.15"]

1. d4 Nf6 2. c4 g6 3. Nc3 Bg7 4. e4 O-O 5. Bd3 d6 6. Nge2 c5 7. d5 e6 8. O-O
exd5 9. exd5 Na6 10. a3 Nc7 11. Bg5 Qd7 12. h3 b6 13. Re1 Bb7 14. Rb1 Rfb8 15.
Ne4 Nxe4 16. Bxe4 b5 17. b3 Ba6 18. Qc2 Rb6 19. Bd3 Rab8 20. Nc3 b4 21. axb4
Rxb4 22. Ne4 Ne8 23. Bd2 R4b6 24. Bc3 f5 25. Nd2 Bxc3 26. Qxc3 Qg7 27. Qxg7+
Nxg7 28. Re7 R6b7 29. Rxb7 Bxb7 30. Re1 1/2-1/2

[Event "I Open I Like Elo"]
[Site "Roma ITA"]
[Date "2008.10.15"]
[Round "1"]
[White "Urzi', Silvio"]
[Black "Sarti, Emanuele"]
[Result "1-0"]
[WhiteElo "1806"]
[BlackElo "1467"]
[PlyCount "165"]
[EventDate "2008.10.15"]

1. c4 e5 2. e3 Nf6 3. d4 exd4 4. exd4 Bb4+ 5. Nc3 Bxc3+ 6. bxc3 O-O 7. Nf3 d5
8. Bg5 Re8+ 9. Be2 dxc4 10. O-O b5 11. Ne5 Qd6 12. Bf3 c6 13. Re1 Be6 14. a4
Nd5 15. Bd2 f6 16. Ng4 Nd7 17. axb5 cxb5 18. Ne3 Rab8 19. Rxa7 N7b6 20. Ra6 Nf4
21. d5 Bc8 22. Nxc4 Rxe1+ 23. Qxe1 bxc4 24. Bxf4 Qf8 25. Bxb8 Bxa6 26. Qe6+ Kh8
27. Qxb6 Bc8 28. Bd6 Qe8 29. Qe3 Qa4 30. Bf4 g5 31. Bxg5 fxg5 32. Qe5+ Kg8 33.
Qxg5+ Kf8 34. Qf6+ Ke8 35. Bh5+ Kd7 36. Bg4+ Ke8 37. Qc6+ Qxc6 38. Bh5+ Qg6 39.
Bxg6+ hxg6 40. Kf1 Ke7 41. Ke2 Kd6 42. Ke3 Kxd5 43. Kf4 Ke6 44. f3 Kd5 45. g4
Kc5 46. Kg5 Kb5 47. Kxg6 Ka4 48. Kf6 Kb3 49. g5 Bb7 50. Ke5 Bxf3 51. g6 Bh5 52.
g7 Bf7 53. Kd4 Ka4 54. h4 Kb5 55. h5 Bg8 56. h6 Bh7 57. Ke5 Ka4 58. Kf6 Kb3 59.
Kf7 Kxc3 60. g8=Q Bxg8+ 61. Kxg8 Kb2 62. h7 c3 63. h8=Q Kc2 64. Qh7+ Kb2 65.
Qg7 Kb3 66. Qg3 Kb2 67. Qe5 Kb3 68. Qe3 Kb2 69. Qd4 Kb3 70. Qb6+ Kc2 71. Kf7
Kd3 72. Qb5+ Kd2 73. Qb4 Kd3 74. Qd6+ Ke2 75. Qh2+ Kd1 76. Qg1+ Kd2 77. Qf2+
Kd3 78. Qe1 c2 79. Qc1 Kc3 80. Ke6 Kd3 81. Kd5 Kc3 82. Ke4 Kb3 83. Kd3 1-0

[Event "I Open I Like Elo"]
[Site "Roma ITA"]
[Date "2008.10.22"]
[Round "2"]
[White "Antonelli, Mauro"]
[Black "De Maria, Isaia"]
[Result "1-0"]
[WhiteElo "2075"]
[BlackElo "1867"]
[PlyCount "95"]
[EventDate "2008.10.15"]

1. Nf3 c5 2. c4 Nf6 3. Nc3 Nc6 4. g3 g6 5. Bg2 Bg7 6. O-O O-O 7. e4 d6 8. h3
Bd7 9. d3 Rb8 10. Be3 h6 11. Qd2 Kh7 12. Rac1 a6 13. d4 Nxd4 14. Nxd4 cxd4 15.
Bxd4 Bc6 16. Rfd1 b5 17. cxb5 axb5 18. Ne2 Ba8 19. Qb4 Qd7 20. Be3 Rfc8 21. Qb3
Kg8 22. f3 Rxc1 23. Rxc1 Bc6 24. Nd4 Ba8 25. g4 Ne8 26. Bf1 Bxd4 27. Bxd4 d5
28. Be5 Rc8 29. Rxc8 Qxc8 30. exd5 Qc5+ 31. Kg2 Bxd5 32. Qxb5 Qxb5 33. Bxb5 Nd6
34. Bxd6 exd6 35. a4 Kf8 36. a5 Ke7 37. a6 Kf6 38. Kg3 Ke5 39. a7 Kd4 40. Kf2
Kc5 41. Be8 g5 42. Bxf7 Bc6 43. Ke3 Kb6 44. f4 gxf4+ 45. Kxf4 Kxa7 46. h4 Kb6
47. g5 hxg5+ 48. hxg5 1-0

[Event "I Open I Like Elo"]
[Site "Roma ITA"]
[Date "2008.10.22"]
[Round "2"]
[White "Attanasi, Salvatore"]
[Black "Boccardi, Alessandro"]
[Result "1/2-1/2"]
[WhiteElo "1784"]
[BlackElo "1494"]
[PlyCount "112"]
[EventDate "2008.10.15"]

1. e4 Nf6 2. e5 Nd5 3. d4 d6 4. exd6 cxd6 5. c4 Nb6 6. Bd3 g6 7. Ne2 Bg7 8.
Nbc3 Nc6 9. Be3 Bg4 10. f3 Bc8 11. a3 O-O 12. O-O e5 13. d5 Nb8 14. Rc1 f5 15.
b4 N6d7 16. c5 dxc5 17. bxc5 Nf6 18. Qb3 Kh8 19. Rfd1 a6 20. Na4 Nbd7 21. c6
bxc6 22. dxc6 Rb8 23. Qc2 Qa5 24. Bd2 Qc7 25. cxd7 Qxc2 26. Bxc2 Bxd7 27. Bb4
Rfe8 28. Nc5 Bc8 29. Ba4 Rg8 30. Nd7 Bxd7 31. Bxd7 e4 32. Be6 Rge8 33. Bf7 exf3
34. Bxe8 fxe2 35. Re1 Rxe8 36. Rc2 Ne4 37. Rcxe2 Bd4+ 38. Kf1 Rc8 39. Rd1 Rc4
40. Bd2 Kg7 41. Be3 Bxe3 42. Rxe3 Rc7 43. Red3 Kh6 44. Rd7 Rc3 45. R7d3 Rc7 46.
a4 Rc4 47. Rd4 Rc6 48. Rb4 Kg5 49. Rbd4 Kf6 50. Rd8 Kg5 51. a5 Rc5 52. R8d5 Rc6
53. R5d3 Rc5 54. Rd5 Rc6 55. Rb1 Rc2 56. Rbd1 Rc6 1/2-1/2

[Event "I Open I Like Elo"]
[Site "Roma ITA"]
[Date "2008.10.22"]
[Round "2"]
[White "Colantonio, Marco"]
[Black "Arabito, Giuseppe"]
[Result "0-1"]
[WhiteElo "1699"]
[BlackElo "1919"]
[PlyCount "54"]
[EventDate "2008.10.15"]

1. e4 e5 2. f4 exf4 3. Nf3 d5 4. exd5 Nf6 5. Nc3 Nxd5 6. Nxd5 Qxd5 7. d4 Bd6 8.
Bd3 O-O 9. O-O Bg4 10. c4 Bxf3 11. cxd5 Bxd1 12. Rxd1 Nd7 13. Rf1 g5 14. Bd2
Nf6 15. Bc4 Ne4 16. Be1 Rae8 17. Bd3 f5 18. g3 fxg3 19. hxg3 Bxg3 20. Bxg3 Nxg3
21. Rf3 f4 22. Rc1 Rf7 23. Kg2 Rfe7 24. Bc4 Kg7 25. b4 Kf6 26. Rc2 Nf5 27. Rd2
Ne3+ 0-1

[Event "I Open I Like Elo"]
[Site "Roma ITA"]
[Date "2008.10.22"]
[Round "2"]
[White "Elia, Alessio"]
[Black "Quimi, Marco"]
[Result "0-1"]
[WhiteElo "1869"]
[BlackElo "2239"]
[PlyCount "74"]
[EventDate "2008.10.15"]

1. d4 Nf6 2. Nf3 d5 3. Bg5 Nbd7 4. e3 c6 5. c3 h6 6. Bxf6 exf6 7. Bd3 Qb6 8.
Qb3 g6 9. Qxb6 Nxb6 10. e4 dxe4 11. Bxe4 f5 12. Bd3 Bg7 13. O-O O-O 14. Re1 Be6
15. Nbd2 Rfe8 16. Ne5 Bxe5 17. Rxe5 Na4 18. Rb1 Bxa2 19. Ra1 Rxe5 20. dxe5 Nxb2
21. Be2 Rd8 22. Rxa2 Rxd2 23. Kf1 Rc2 24. g3 a5 25. Rxa5 Rc1+ 26. Kg2 Rxc3 27.
Ra8+ Kg7 28. Rb8 Rb3 29. Bf3 Rb5 30. Kf1 Nd3 31. Be2 Rb1+ 32. Kg2 Nxe5 33. Ba6
b5 34. Bb7 Rc1 35. Rc8 b4 36. f4 Rc2+ 37. Kf1 b3 0-1

[Event "I Open I Like Elo"]
[Site "Roma ITA"]
[Date "2008.10.22"]
[Round "2"]
[White "Gerlando, Onofrio"]
[Black "Gatta, Flavio"]
[Result "0-1"]
[WhiteElo "1509"]
[BlackElo "1771"]
[PlyCount "72"]
[EventDate "2008.10.15"]

1. d4 Nf6 2. Nf3 g6 3. Bf4 Bg7 4. e3 O-O 5. h3 d6 6. Bd3 c5 7. c3 Nc6 8. Qc2
cxd4 9. exd4 Bd7 10. Nbd2 Rc8 11. b4 Nxb4 12. Qb1 Nxd3+ 13. Qxd3 Nd5 14. Be3
Rxc3 15. Qe2 Nxe3 16. fxe3 Bh6 17. e4 Re3 18. Qxe3 Bxe3 19. Nc4 Bh6 20. O-O Bb5
21. Nfd2 Bxd2 22. Nxd2 Bxf1 23. Kxf1 Qc7 24. a4 Rc8 25. Ke2 Qc2 26. a5 b6 27.
axb6 axb6 28. Ra7 Kf8 29. Rb7 Qb2 30. d5 Rc2 31. Rb8+ Kg7 32. Rb7 Rxd2+ 33. Kf3
Rd3+ 34. Kf4 Qe5+ 35. Kg4 h5+ 36. Kh4 Qg3# 0-1

[Event "I Open I Like Elo"]
[Site "Roma ITA"]
[Date "2008.10.22"]
[Round "2"]
[White "Iacoacci, Giancarlo"]
[Black "Di Dario, Dario"]
[Result "1-0"]
[WhiteElo "1752"]
[BlackElo "1622"]
[PlyCount "65"]
[EventDate "2008.10.15"]

1. d4 Nf6 2. Nf3 c5 3. d5 e6 4. Nc3 exd5 5. Nxd5 Be7 6. Bf4 Nc6 7. Bc7 Nxd5 8.
Bxd8 Nc3 9. bxc3 Bxd8 10. Rb1 Bf6 11. Qd2 O-O 12. e3 Rd8 13. Bd3 d5 14. O-O Bg4
15. Be2 d4 16. cxd4 cxd4 17. e4 b6 18. h3 Be6 19. a4 Rac8 20. Bd3 Be7 21. Rfe1
f6 22. e5 f5 23. Qf4 h6 24. Bxf5 Bxf5 25. Qxf5 Rf8 26. Qg4 Bc5 27. e6 Rce8 28.
Qe4 Nd8 29. Qd5 Kh8 30. Rb5 Rf6 31. Qd7 Ref8 32. Rxc5 bxc5 33. e7 1-0